<?xml version="1.0" encoding="UTF-8"?><marc:collection xmlns:marc="http://www.loc.gov/MARC21/slim">
  <marc:record>
    <marc:leader>00000nam  2200000za 4500</marc:leader>
    <marc:controlfield tag="001">9.854401</marc:controlfield>
    <marc:controlfield tag="003">CaOODSP</marc:controlfield>
    <marc:controlfield tag="005">20221107155044</marc:controlfield>
    <marc:controlfield tag="007">cr |||||||||||</marc:controlfield>
    <marc:controlfield tag="008">180327s1980    oncab||#ob   f001 0|fre d</marc:controlfield>
    <marc:datafield tag="020" ind1=" " ind2=" ">
      <marc:subfield code="q">(format imprimé)</marc:subfield>
      <marc:subfield code="z">0660901811</marc:subfield>
    </marc:datafield>
    <marc:datafield tag="040" ind1=" " ind2=" ">
      <marc:subfield code="a">CaOODSP</marc:subfield>
      <marc:subfield code="b">fre</marc:subfield>
    </marc:datafield>
    <marc:datafield tag="041" ind1="1" ind2=" ">
      <marc:subfield code="a">fre</marc:subfield>
      <marc:subfield code="h">eng</marc:subfield>
    </marc:datafield>
    <marc:datafield tag="043" ind1=" " ind2=" ">
      <marc:subfield code="a">n-cn---</marc:subfield>
    </marc:datafield>
    <marc:datafield tag="086" ind1="1" ind2=" ">
      <marc:subfield code="a">R61-2/1-8F-PDF</marc:subfield>
      <marc:subfield code="z">R61-2/1-8F</marc:subfield>
    </marc:datafield>
    <marc:datafield tag="100" ind1="1" ind2=" ">
      <marc:subfield code="a">Heisler, John P.</marc:subfield>
      <marc:subfield code="q">(John Phalen), </marc:subfield>
      <marc:subfield code="d">1916- .</marc:subfield>
    </marc:datafield>
    <marc:datafield tag="245" ind1="1" ind2="4">
      <marc:subfield code="a">Les canaux du Canada </marc:subfield>
      <marc:subfield code="h">[ressource électronique] / </marc:subfield>
      <marc:subfield code="c">John P. Heisler. </marc:subfield>
    </marc:datafield>
    <marc:datafield tag="260" ind1=" " ind2=" ">
      <marc:subfield code="a">Ottawa : </marc:subfield>
      <marc:subfield code="b">Direction des lieux et des parcs historiques nationaux, Parcs Canada, </marc:subfield>
      <marc:subfield code="c">c1980.</marc:subfield>
    </marc:datafield>
    <marc:datafield tag="300" ind1=" " ind2=" ">
      <marc:subfield code="a">187 p. : </marc:subfield>
      <marc:subfield code="b">ill., cartes  </marc:subfield>
    </marc:datafield>
    <marc:datafield tag="490" ind1="1" ind2=" ">
      <marc:subfield code="a">Lieux historiques canadiens. Cahiers d'archéologie et d'histoire ; </marc:subfield>
      <marc:subfield code="v">nº 8</marc:subfield>
    </marc:datafield>
    <marc:datafield tag="500" ind1=" " ind2=" ">
      <marc:subfield code="a">Édition numérisée de l’imprimée [par History of Parks Canada Electronic Library].</marc:subfield>
    </marc:datafield>
    <marc:datafield tag="500" ind1=" " ind2=" ">
      <marc:subfield code="a">Publié aussi en anglais sous le titre : The canals of Canada.</marc:subfield>
    </marc:datafield>
    <marc:datafield tag="504" ind1=" " ind2=" ">
      <marc:subfield code="a">Comprend des réf. bibliogr. et un index.</marc:subfield>
    </marc:datafield>
    <marc:datafield tag="520" ind1="3" ind2=" ">
      <marc:subfield code="a">« Les canaux ont joué un rôle de premier plan dans le développement économique et social du Canada. On entreprit leur construction sous le régime français mais celle-ci ne fut jamais achevée. On reprend leur construction peu après 1760, mais les canaux connurent leur apogée au milieu du XIXe siècle au pointde vue aménagement et usage. Le présent numéro traite en détail du financement et de la construction des canaux du Saint-Laurent et des Grands Lacs, du canal Rideau qui a créé une voie navigable entre la rivière des Outaouais et le fleuve Saint-Laurent, ainsi que des canaux reliés au réseau américain de l'état de New York. Plusieurs voies d'eau furent proposées et certaines furent construites dans les Maritimes et dans l'Ouest. Une partie de ce développement de la navigation intérieure a abouti à l'aménagement de la voie maritime du Saint-Laurent, grande réussite de coopération international »--Sommaire, p. 6.</marc:subfield>
    </marc:datafield>
    <marc:datafield tag="692" ind1="0" ind2="7">
      <marc:subfield code="2">gccst</marc:subfield>
      <marc:subfield code="a">Lieu historique</marc:subfield>
    </marc:datafield>
    <marc:datafield tag="692" ind1="0" ind2="7">
      <marc:subfield code="2">gccst</marc:subfield>
      <marc:subfield code="a">Canal</marc:subfield>
    </marc:datafield>
    <marc:datafield tag="710" ind1="1" ind2=" ">
      <marc:subfield code="a">Canada. </marc:subfield>
      <marc:subfield code="b">Parcs Canada. </marc:subfield>
      <marc:subfield code="b">Direction des lieux et des parcs historiques nationaux.</marc:subfield>
    </marc:datafield>
    <marc:datafield tag="775" ind1="0" ind2="8">
      <marc:subfield code="t">The canals of Canada </marc:subfield>
      <marc:subfield code="w">(CaOODSP)9.854391</marc:subfield>
    </marc:datafield>
    <marc:datafield tag="830" ind1="#" ind2="0">
      <marc:subfield code="a">Lieux historiques canadiens. Cahiers d'archéologie et d'histoire ;</marc:subfield>
      <marc:subfield code="v">nº 8</marc:subfield>
      <marc:subfield code="w">(CaOODSP)9.853442</marc:subfield>
    </marc:datafield>
    <marc:datafield tag="856" ind1="4" ind2="0">
      <marc:subfield code="q">PDF</marc:subfield>
      <marc:subfield code="s">105.16 Mo</marc:subfield>
      <marc:subfield code="u">https://publications.gc.ca/collections/collection_2018/pc/R61-2-1-8-fra.pdf</marc:subfield>
    </marc:datafield>
    <marc:datafield tag="986" ind1=" " ind2=" ">
      <marc:subfield code="a">QS 1190-000-FF-Al</marc:subfield>
    </marc:datafield>
  </marc:record>
</marc:collection>
